| 000 | 01095nam a2200313I 4500 | ||
|---|---|---|---|
| 001 | 29553 | ||
| 003 | BD-RjUL | ||
| 005 | 20211209051427.0 | ||
| 008 | 140403s1924 enkabf 000 0 eng | ||
| 035 | _a(BD-RjUL)29638 | ||
| 040 |
_aDLC _cTJC _beng _dBD-RjUL |
||
| 041 | _aeng | ||
| 082 |
_a942.2 _bVIC V-4 1924 |
||
| 245 | 0 | 4 |
_aThe Victoria history of Berkshire / _ced. by P.H. Ditchfield ...and William Page. _nVOLUME FOUR |
| 260 |
_aLondon : _bA. Constable, _c1924. |
||
| 300 |
_axxi, 551 p. : _bill. ; _c32 cm. |
||
| 650 | 0 |
_aNatural history _zEngland _zBerkshire. _988959 |
|
| 651 | 0 |
_aBerkshire (England) _xHistory. _988960 |
|
| 651 | 0 |
_aBerkshire (England) _xAntiquities. _988961 |
|
| 700 | 1 |
_aDitchfield, P. H. _q(Peter Hampson), _d1854-1930, _eed. _988962 |
|
| 700 | 1 |
_aPage, William, _d1861-1934. _990064 |
|
| 700 | 1 |
_aCope, John Hautenville. _988964 |
|
| 740 | 0 | _aVictoria history of the county of Berkshire. | |
| 740 | 0 | _aHistory of Berkshire. | |
| 942 |
_2ddc _cBK |
||
| 999 |
_c29553 _d29553 |
||